[Event "Vlissingen HZ op 25th"]
[Site "Vlissingen"]
[Date "2023.08.05"]
[Round "1"]
[White "Van Wely, Loek"]
[Black "Kloppers, Eric"]
[Result "1-0"]
[WhiteElo "2644"]
[BlackElo "1847"]
[PlyCount "93"]
[EventDate "2023.08.05"]
[EventType "swiss"]
[EventRounds "9"]
[EventCountry "NED"]
[SourceTitle "CBM 215 Extra"]
[Source "ChessBase"]
[SourceDate "2023.09.30"]
[SourceVersion "1"]
[SourceVersionDate "2023.09.30"]
[SourceQuality "1"]

1. d4 f5 2. Nc3 d5 3. Bg5 Nf6 4. e3 c6 5. Nf3 e6 6. Ne5 Nbd7 7. f4 Be7 8. Bd3 0-0 9. 0-0 a5 10. Qf3 Ne4 11. Bxe7 Qxe7 12. Bxe4 dxe4 13. Qf2 Nxe5 14. dxe5 b5 15. Rfd1 Bb7 16. Rd6 Rfd8 17. Rad1 Kf8 18. Qd2 Ke8 19. Qd4 Rxd6 20. exd6 Qd7 21. Qc5 Rd8 22. a3 Bc8 23. b4 a4 24. Ne2 Qb7 25. Nd4 Bd7 26. Nxf5 Kf7 27. Ng3 Kg8 28. Nxe4 Rf8 29. Qg5 Qc8 30. Nc5 h6 31. Qh4 Rf7 32. h3 Qe8 33. Qh5 Qf8 34. Qg6 Qe8 35. e4 Qc8 36. Rf1 Rf6 37. Qg3 Kh7 38. e5 Rf5 39. Qe3 g6 40. g4 Rf7 41. Kg2 Kg7 42. f5 g5 43. f6+ Kh8 44. h4 Qg8 45. hxg5 Qg6 46. Rh1 Qxc2+ 47. Kg3 1-0

[Event "Lueneburg op"]
[Site "Lueneburg"]
[Date "2013.07.20"]
[Round "6"]
[White "Kloppers, Eric"]
[Black "Hesse, Juergen"]
[Result "0-1"]
[WhiteElo "1788"]
[BlackElo "2028"]
[PlyCount "56"]
[EventDate "2013.07.15"]
[EventType "swiss"]
[EventRounds "7"]
[EventCountry "GER"]
[SourceTitle "CBM 155 Extra"]
[Source "ChessBase"]
[SourceDate "2013.08.26"]
[SourceVersion "1"]
[SourceVersionDate "2013.08.26"]
[SourceQuality "1"]

1. d4 Nf6 2. Nf3 g6 3. c3 Bg7 4. Bf4 d6 5. Nbd2 Nbd7 6. h3 Nd5 7. Bh2 e5 8. e3 Qe7 9. Qb3 c6 10. 0-0-0 0-0 11. c4 Nc7 12. g4 a6 13. Bg2 b5 14. dxe5 dxe5 15. Ne4 Nc5 16. Qa3 b4 17. Qa5 Nxe4 18. Nxe5 Nxf2 19. Bxc6 Nxh1 20. Bxh1 Re8 21. Bxa8 Bxe5 22. Bxe5 Qxe5 23. Qxe5 Rxe5 24. Bc6 Be6 25. e4 Bxc4 26. b3 Bb5 27. Bb7 Ne6 28. Rd6 Nc5 0-1

[Event "Lueneburg op"]
[Site "Lueneburg"]
[Date "2013.07.15"]
[Round "1"]
[White "Hebbinghaus, Holger"]
[Black "Kloppers, Eric"]
[Result "1-0"]
[WhiteElo "2260"]
[BlackElo "1788"]
[PlyCount "57"]
[EventDate "2013.07.15"]
[EventType "swiss"]
[EventRounds "7"]
[EventCountry "GER"]
[SourceTitle "CBM 155 Extra"]
[Source "ChessBase"]
[SourceDate "2013.08.26"]
[SourceVersion "1"]
[SourceVersionDate "2013.08.26"]
[SourceQuality "1"]

1. d4 Nf6 2. Nf3 d5 3. c3 c6 4. Bf4 Bf5 5. Qb3 Qb6 6. Nbd2 Nbd7 7. e3 e6 8. Be2 Be7 9. 0-0 h6 10. c4 0-0 11. h3 Ne4 12. c5 Qxb3 13. Nxb3 a5 14. Rfc1 a4 15. Nbd2 g5 16. Bh2 g4 17. hxg4 Bxg4 18. Bd3 f5 19. b4 axb3 20. axb3 Bf6 21. b4 Nxd2 22. Nxd2 Bg7 23. Bd6 Rfe8 24. f3 Bh5 25. Nb3 Bf6 26. b5 Be7 27. Rxa8 Rxa8 28. Bxe7 Ra3 29. Rb1 1-0